Kendrick Lamar - Top 50 Streamed Songs - Statistics

General Stats
  • This quiz has been taken 347 times
  • The average score is 27 of 50
Answer Stats
Album (N/A-Single) # Answer % Correct
DAMN. 1 HUMBLE.
98%
N/A [Skrillex] 28 HUMBLE. - SKRILLEX REMIX
98%
Music from Black Panther 2 All The Stars (with SZA)
92%
DAMN. 5 DNA.
91%
DAMN. 4 LOVE. FEAT. ZACARI.
88%
good kid, m.A.A.d city 3 Money Trees
88%
To Pimp A Butterfly 14 Alright
79%
good kid, m.A.A.d city 9 m.A.A.d city
78%
DAMN. 34 DUCKWORTH.
76%
The Melodic Blue [Baby Keem] 10 family ties (with Kendrick Lamar)
74%
Mr. Morale & The Big Steppers 25 N95
74%
DAMN. 18 PRIDE.
74%
good kid, m.A.A.d city 13 Swimming Pools (Drank)
72%
good kid, m.A.A.d city 21 Swimming Pools (Drank) - Extended Version
72%
DAMN. 15 LOYALTY. FEAT. RIHANNA
71%
To Pimp A Butterfly 19 King Kunta
68%
DAMN. 22 ELEMENT.
64%
good kid, m.A.A.d city 50 Sing About Me, I'm Dying Of Thirst
64%
To Pimp A Butterfly 41 i
63%
DAMN. 42 FEAR.
62%
DAMN. 32 XXX. FEAT. U2.
62%
Section.80 24 A.D.H.D
61%
good kid, m.A.A.d city 23 Backseat Freestyle
61%
DAMN. 44 LUST.
61%
good kid, m.A.A.d city 20 Poetic Justice
60%
Mr. Morale & The Big Steppers 36 United In Grief
58%
Mr. Morale & The Big Steppers 48 Count Me Out
55%
DAMN. 40 FEEL.
55%
DAMN. 39 YAH.
53%
Music from Black Panther [The Weeknd] 7 Pray For Me (with Kendrick Lamar)
48%
N/A [Taylor Swift] 47 Bad Blood
47%
Mr. Morale & The Big Steppers 29 Die Hard
47%
Music from Black Panther [Jay Rock] 17 King's Dead (with Kendrick Lamar, Future & James Blake)
46%
Oxymoron (Deluxe) [Schoolboy Q] 16 Collard Greens
44%
Mr. Morale & The Big Steppers 35 Rich Spirit
40%
LONG.LIVE.A$AP (Deluxe Version) [A$AP ROCKY] 8 F**kin' Problems (feat. Drake, 2 Chainz & Kendrick Lamar)
38%
Tha Carter V [Lil Wayne] 30 Mona Lisa (feat. Kendrick Lamar)
38%
good kid, m.A.A.d city (Deluxe) 45 The Recipe - Bonus Track
36%
Starboy [The Weeknd] 26 Sidewalks
28%
FUTURE [Future] 33 Mask Off (feat. Kendrick Lamar) - Remix
25%
Ctrl [SZA] 38 Doves In The Wind (feat. Kendrick Lamar)
23%
Born Sinner (Deluxe Version) [J. Cole] 49 Forbidden Fruit (feat. Kendrick Lamar)
22%
good kid, m.A.A.d city 11 B-, Don't Kill My Vibe
20%
Red Pill Blues (Maroon 5) 6 Don't Wanna Know (feat. Kendrick Lamar)
19%
Music from Black Panther 37 Big Shot (with Travis Scott)
14%
Night Visions (Deluxe) [Imagine Dragons] 31 Radioactive
14%
The World Is Yours [Rich The Kid] 27 New Freezer (feat. Kendrick Lamar)
13%
This Is Acting (Deluxe Version) [Sia] 12 The Greatest (feat. Kendrick Lamar)
13%
Redemption [Jay Rock] 46 Wow Freestyle (feat. Kendrick Lamar)
9%
Sail Out [Jhené Aiko] 43 Stay Ready (What A Life)
7%
No matching quizzes found
Score Distribution
Percent of People with Each Score
Percentile by Number Answered
Your Score History
You have not taken this quiz